| 000 | 00682nam a2200217 a 4500 | ||
|---|---|---|---|
| 005 | 20240831063828.0 | ||
| 008 | 020430s2001 mx r 000 0 spa d | ||
| 020 | _a847030268X (Biblioteca nueva) | ||
| 020 | _a9688671215 (Colofón) | ||
| 035 | _aUPN01000137470 | ||
| 049 | _aCG | ||
| 050 | 4 |
_aBF698.5 _bP6.4b |
|
| 100 | 1 | _aPortuondo, Juan Antonio | |
| 245 | 1 | 3 |
_aLa figura humana : _btest proyectivo de Karen Machover / _cJuan A. Portuondo. |
| 260 |
_aMéxico : _bColofón ; _aMadrid : _bBiblioteca Nueva, _c2001. |
||
| 300 |
_a173 p. : _bil. |
||
| 650 | 4 |
_aPruebas de la personalidad _943 |
|
| 650 | 0 |
_aDibujo, psicología del _914422 |
|
| 905 | _aLibro | ||
| 999 |
_c109621 _d109621 |
||